000 00718nam a2200229 u 4500
005 20240228063711.0
008 100610s1997 es r 000 0 spa d
020 _a8420784575
035 _aUPN01000176451
049 _aCG
050 4 _aPQ9284 I7.5
_bC8.2
100 1 _aVieira, Alice,
_d1943-
_931779
245 1 0 _aCuaderno de agosto /
_cAlice Vieira ; il. de Páliaz ; tr. de Mario Merlino.
260 _aMadrid :
_bAnaya,
_c1997.
300 _a188 p. :
_bil.
440 0 _aSopa de libros ;
_v19.
_pA partir de 12 años
534 _pTítulo original:
_tCaderno de agosto
650 4 _aLITERATURA PORTUGUESA
_95579
650 0 _aDiarios
_vNovela
_99020
650 4 _aRelaciones de familia
_96077
905 _aLibro
999 _c148554
_d148554